书目信息 |
| 题名: |
除尘装置系统及设备设计选用手册
|
|
| 作者: | 唐敬麟 , 张禄虎 编 | |
| 分册: | ||
| 出版信息: | 北京 化学工业出版社 2003.08 |
|
| 页数: | 726页 | |
| 开本: | 26cm | |
| 丛书名: | ||
| 单 册: | ||
| 中图分类: | TU834.6-62 | |
| 科图分类: | ||
| 主题词: | 除尘设备--设计--技术手册 | |
| 电子资源: | ||
| ISBN: | 7-5025-4728-2 | |
| 000 | 01198nam0 2200253 45 | |
| 001 | 0136546696 | |
| 005 | 20050913105150.41 | |
| 010 | @a7-5025-4728-2@dCNY96.00 | |
| 100 | @a20040307d2003 km y0chiy0120 ea | |
| 101 | 0 | @achi |
| 102 | @aCN@b110000 | |
| 105 | @aak a 000yy | |
| 200 | 1 | @a除尘装置系统及设备设计选用手册@AChu Chen Zhuang Zhi Xi Tong Ji She Bei She Ji Xuan Yong Shou Ce@f唐敬麟, 张禄虎编@FTang Jing Lin, Zhang Lu Hu Bian |
| 210 | @a北京@c化学工业出版社@c工业装备与信息工程出版中心@d2003.08 | |
| 215 | @a726页@c图@d26cm | |
| 320 | @a有书目(第726页)。 | |
| 330 | @a本书对各类除尘系统的型式、布置和选型计算进行介绍,并对除尘设备的结构型式、技术性能、造型计算、安装尺寸进行详细阐述。 | |
| 333 | @a本手册收集了各类除尘设备(包括零部件)国内外最新、最先进的型号、系列,可以满足化工、水泥、矿山、石化、冶金、电力、轻工及化肥等行业从事粉体工程专业的设计人员、工程技术人员、技术工人使用的需要,同时也可作为相关企业技术工人培训教材料和大专业院校、技工学校师生的参考资料。 | |
| 606 | 0 | @a除尘设备@x设计@x技术手册 |
| 690 | @aTU834.6-62@v4 | |
| 701 | 0 | @a唐敬麟@ATang Jing Lin@4编 |
| 701 | 0 | @a张禄虎@AZhang Lu@4编 |
| 801 | 0 | @aCN@bQSSK@c20050913 |
| 905 | @a10447@dTU834.6-62@eT243 | |
| 除尘装置系统及设备设计选用手册/唐敬麟, 张禄虎编.-北京:化学工业出版社:工业装备与信息工程出版中心,2003.08 |
| 726页:图;26cm |
| 使用对象:本手册收集了各类除尘设备(包括零部件)国内外最新、最先进的型号、系列,可以满足化工、水泥、矿山、石化、冶金、电力、轻工及化肥等行业从事粉体工程专业的设计人员、工程技术人员、技术工人使用的需要,同时也可作为相关企业技术工人培训教材料和大专业院校、技工学校师生的参考资料。 |
| ISBN 7-5025-4728-2:CNY96.00 |
| 本书对各类除尘系统的型式、布置和选型计算进行介绍,并对除尘设备的结构型式、技术性能、造型计算、安装尺寸进行详细阐述。 |
| ● |
| 相关链接 |
|
|
|
正题名:除尘装置系统及设备设计选用手册
索取号:TU834.6-62/T243
 
预约/预借
| 序号 | 登录号 | 条形码 | 馆藏地/架位号 | 状态 | 备注 |
| 1 | 563005 | 205630058 | 建筑库201/201建筑库 52排6列3层/ [索取号:TU834.6-62/T243] | 在馆 |